[Event "LSS RA-2010-0-00110"]
[Site "LSS email"]
[Date "2010.11.09"]
[Round "?"]
[White "Gasanov, Engels G"]
[Black "Wantoch Rekowski, Jacek"]
[Result "1-0"]
[WhiteElo "1936"]
[BlackElo "1863"]
[PlyCount "211"]
[EventDate "2010.10.06"]
[EventType "tourn (corr)"]
[EventRounds "6"]
[EventCountry "GER"]
[SourceTitle "Telechess CBM 145"]
[Source "Chessbase"]
[SourceDate "2011.11.11"]
[SourceVersion "1"]
[SourceVersionDate "2011.11.11"]
[SourceQuality "1"]

1. d4 Nf6 2. c4 g6 3. Nc3 Bg7 4. e4 d6 5. Nf3 0-0 6. Be2 e5 7. 0-0 Nc6 8. d5 Ne7 9. b4 a5 10. bxa5 Rxa5 11. Nd2 Nd7 12. Nb3 Ra8 13. a4 f5 14. f3 b6 15. Be3 Nc5 16. a5 h6 17. Ra2 Bd7 18. Nxc5 bxc5 19. a6 f4 20. Bf2 Nc8 21. Qb3 Nb6 22. a7 Rf7 23. Nb5 Kh7 24. Rfa1 Kg8 25. Be1 Kh7 26. Bf1 Bf8 27. Rb2 Nc8 28. Ra6 Kg8 29. Rba2 Kh7 30. Nxc7 Qxc7 31. Ba5 Ba4 32. Rxa4 Qd7 33. Bb6 Kg8 34. Ra1 Nxb6 35. Qxb6 Qc8 36. Bd3 Rb7 37. Qa5 Qd7 38. Bc2 Qe7 39. Qa2 Bg7 40. Bd1 h5 41. Qa3 h4 42. Qa2 Bf8 43. Kf1 Qh7 44. h3 Qe7 45. Ke2 Bg7 46. Kd3 Kh7 47. Qa4 Bf8 48. Ra2 Qg5 49. Kc3 Qg3 50. Re2 Kg8 51. Qa1 Kh8 52. Kd3 g5 53. Raa2 Rb4 54. Bc2 g4 55. Qf1 gxf3 56. gxf3 Qg7 57. Rg2 Qe7 58. Qe1 Bg7 59. Rg6 Rb7 60. Re6 Qg5 61. Rxd6 Rbxa7 62. Rxa7 Rxa7 63. Bb3 Bf8 64. Rb6 Kh7 65. Rc6 Qg3 66. Qf1 Be7 67. d6 Rd7 68. Rxc5 Bxd6 69. Rd5 Rb7 70. Bc2 Bb4 71. c5 Qg6 72. Qa1 Qg2 73. Qd1 Qg6 74. Bb3 Qe6 75. Rd6 Qc8 76. Qg1 Rg7 77. Qf2 Rg3 78. Kc4 Ba3 79. Ba4 Kg7 80. Rd5 Qa8 81. Bb5 Kf6 82. Qd2 Rxf3 83. Rxe5 Qg8+ 84. Rd5 Qe6 85. Kd4 Kg7 86. e5 Qg6 87. Rd7+ Kh8 88. Bc4 Rxh3 89. Rd8+ Kh7 90. Bd3 Rxd3+ 91. Qxd3 Qxd3+ 92. Kxd3 Bxc5 93. Rc8 Bb4 94. Ke4 Kg6 95. Kxf4 Bd2+ 96. Kg4 Be3 97. Rc6+ Kg7 98. Kf5 h3 99. Rc7+ Kh6 100. Rc4 Kg7 101. Rh4 Bd2 102. Rxh3 Be1 103. Rb3 Kf7 104. Rb7+ Ke8 105. Ke6 Bg3 106. Rb8# 1-0

[Event "LSS RA-2010-0-00110"]
[Site "LSS email"]
[Date "2010.11.09"]
[Round "?"]
[White "Kolanek, Roman"]
[Black "Gasanov, Engels G"]
[Result "0-1"]
[WhiteElo "1997"]
[BlackElo "1892"]
[PlyCount "84"]
[EventDate "2010.10.06"]
[EventType "tourn (corr)"]
[EventRounds "6"]
[EventCountry "GER"]
[SourceTitle "Telechess CBM 143"]
[Source "ChessBase"]
[SourceDate "2011.07.15"]
[SourceVersion "1"]
[SourceVersionDate "2011.07.15"]
[SourceQuality "1"]

1. d4 Nf6 2. c4 e6 3. Nc3 Bb4 4. Qc2 d5 5. a3 Bxc3+ 6. bxc3 c5 7. Nf3 Nc6 8. dxc5 Qa5 9. e3 0-0 10. a4 Rd8 11. Nd2 Ne5 12. Nb3 Qc7 13. cxd5 exd5 14. Be2 Ne4 15. 0-0 Nxc5 16. Nxc5 Qxc5 17. Rd1 Bg4 18. f3 Be6 19. Rb1 Qc7 20. f4 Ng4 21. Bf3 Rac8 22. Rb4 Nh6 23. h3 b6 24. g4 f5 25. g5 Nf7 26. Bb2 Qc5 27. Qd3 Nd6 28. Rd4 Nc4 29. Bc1 Kf7 30. Kg2 Na5 31. Bb2 g6 32. Bxd5 Rxd5 33. Rxd5 Qxd5+ 34. Qxd5 Bxd5+ 35. Rxd5 Nc4 36. Bc1 Ke6 37. Rd4 Nd6 38. Bb2 Rc4 39. Ba3 Rxd4 40. exd4 Nc4 41. Bc1 Kd5 42. Kf3 Nd6 0-1